000 03135cam a2200277 4500500
005 20251228073311.0
041 _afre
042 _adc
100 1 0 _aLoukil, Faten
_eauthor
245 0 0 _aInstitutionnalisation de la qualité et structuration du système de formation tunisien
260 _c2005.
500 _a82
520 _aRésuméAvec le programme Manforme opérationnel depuis 1996, le système de formation tunisien connaît une nouvelle phase de structuration et de réflexion sur sa cohérence globale. Un tel saut qualitatif s’inscrit dans la continuité des réformes menées dans le pays depuis son indépendance.L’article met en relief l’évolution quantitative et qualitative du système de formation tunisien. Il soulève aussi les problèmes de coordination dans les réseaux privés et publics de formation et définit dans quelles mesures la construction collective des référentiels qualité améliore la transparence de l’offre. À cet égard, le renforcement des relations de partenariat entre tous les acteurs de formation apparaît comme la garantie d’une construction des normes qualité qui respecte autant la diversité que la spécificité des besoins de formation.
520 _aWith the Manforme program operational since 1996, the Tunisian training system knows a new phase of structuring and reflection on its global coherence. The paper studies the quantitative and qualitative evolution of the Tunisian training system. It presents the difficulties of coordination in the private and public networks of training and determines how the collective construction of quality referentials improves the transparency of the taining supply. Then, partnership relations between all actors of training appears as the guarantee of the respect of diversity and specificity of training needs.
520 _aResumenCon el programa Manforme, operacional desde 1996, el sistema de formación en Túnez ha visto el desarrollo de una nueva fase de estructuración y de reflexión sobre su coherencia global. Un tal salto cualitativo se inscribe en la continuidad de reformas desarrolladas en el país desde su independencia.El artículo resalta la evolución cualitativa y cuantitativa del sistema de formación en Túnez. El destaca también los problemas de coordinación entre las redes privadas y públicas de formación y define en qué medida la construcción colectiva de las referencias de calidad mejora la transparencia de la oferta. En este sentido, el refuerzo de las relaciones de alianza entre los actores de la formación aparece como la garantía de una construcción de las normas de calidad que respeta tanto la diversidad como la especificidad de las necesidades de formación.
690 _adiversité des normes
690 _aoffre de formation
690 _aqualité
690 _aTunisie
690 _adiversity of norms
690 _aquality
690 _atraining supply
690 _aTunisia
786 0 _nSavoirs | 7 | 1 | 2005-03-01 | p. 69-91 | 1763-4229
856 4 1 _uhttps://shs.cairn.info/revue-savoirs-2005-1-page-69?lang=fr&redirect-ssocas=7080
999 _c1595016
_d1595016